Φίλμ : περιοδική έκδοση ανάλυσης & θεώρησης του κινηματογράφου

Αποθηκεύτηκε σε:
Λεπτομέρειες βιβλιογραφικής εγγραφής
Μορφή: Βιβλίο
Γλώσσα:Greek
Δημοσίευση: Αθήνα : Καστανιώτη, 1980
Θέματα:
Ετικέτες: Προσθήκη ετικέτας
Δεν υπάρχουν, Καταχωρήστε ετικέτα πρώτοι!

MARC

LEADER 00000nam a2200000 i 4500
001 1/57119
008 941103s1980 gre d
035 |a 1994  |c ΒΙΒΛΙΟΘΗΚΗ  |l 10045685 
040 |a GR-MY-UA  |b gre  |e aacr 
041 0 |a gre 
082 0 |a 791.43 
245 1 0 |a Φίλμ :  |b περιοδική έκδοση ανάλυσης & θεώρησης του κινηματογράφου /  |c σ' αυτό το τεύχος συνεργάστηκαν Γ. Αναστασιάδης...[κ.α.] 
260 |a Αθήνα :   |b Καστανιώτη,   |c 1980 
300 |a 156 σ.;  |b εικ.;  |c 21 εκ. 
505 0 |a τ.20. Πειραματικός Κινηματογράφος 
650 0 0 |a Motion pictures  |x Reviews. 
650 0 0 |a Motion picture plays  |x History and criticism  |x Reviews. 
650 0 0 |a Art and motion pictures  |x Reviews. 
852 |a INST  |b SAMOS  |e 19941103  |h 791.43 ΦΙΛ  |p 005300006630  |q 005300006630  |t BK  |y 0  |z τ.20 
852 |a INST  |b SAMOS  |e 19941103  |h 791.43 ΦΙΛ  |p 005300006630  |q 005300006630  |t BK  |v τ.20:  |y 0  |z τ.20 
853 |a INST  |b SAMOS  |h 791.43 ΦΙΛ 
909 |a Σ  |b 034673